000 005150000a22001930004500
001 000490
003 MACL
005 20150707161500.0
008 150707b xxu||||| |||| 00| 0 eng d
040 _aMACL
_cMACL
041 _aEnglish
082 _a307.7/SAK
100 _aSaksena, H.S.
_91302
245 _aPutting People last
_bTribal Displacement And Rehabilitation
_cH.S. Saksena
260 _aNew Delhi
_c1999
_bInter I̜ndia Publication,
350 _a450
650 _aCommunities
_91107
942 _k308
_cBK
_2ddc
999 _c491
_d491